Chaîne de mots - Argentine - Statistiques

Statistiques générales
  • Ce quiz a été pris 77 fois
  • Le résultat moyen est 8 sur 16
Statistiques - réponses
Indice Réponse % Correct
Lionel de son prénom Messi
100%
Langue officielle de facto Espagnol
97%
Hémisphère où se situe l'Argentine Sud
95%
En 1816, elle a l'a obtenue de l'Espagne Indépendance
89%
Tout au sud du Pays, elle est «de feu» Terre
78%
Diminutif de Lionel pour le célèbre joueur Léo
76%
El Pibe de ___, le célèbre surnom de Diego Armando Maradona Oro
49%
Zone ensablée au nord de la Patagonie et à l'est des Andes Désert
42%
Prénom d'un célèbre commentateur de football franco-argentin Omar
32%
Plat typique argentin qui consiste à griller de la viande Asado
28%
Les ________ de Mendoza traditionnelles argentines se préparent avec un picadillo viande de boeuf, oignons, paprika, piment, cumin, origan, œuf et olives. Empanadas
20%
Appellation pour le fameux match Boca Juniors vs River Plate Superclásico
20%
Situé au centre de la Plaza de la República. C'est un monument incontournable de Buenos Aires. Obélisque
19%
Ville et Province d'argentine Santiago Del ______ Estero
12%
Quartier où réside le président argentin, veut dire oliviers en français Olivos
11%
Président controversé, lié à la "Conquête du désert" Roca
4%
Aucun quiz correspondant
Distribution des résultats
% des personnes avec chaque résultat
Percentile par nombre de réponses
Votre historique - résultats
Vous n’avez pas pris ce quiz